UNDERSTANDING MALE INFERTILITY GLOBAL PRACTICES AND INDIAN PERSPECTIVE (Record no. 14031)

MARC details
000 -LEADER
fixed length control field 00298nam a22001217a 4500
003 - CONTROL NUMBER IDENTIFIER
control field SGT
082 ## - DEWEY DECIMAL CLASSIFICATION NUMBER
Classification number 618.2
Item number U12M
100 ## - MAIN ENTRY--PERSONAL NAME
Personal name MALIK,SONIA
245 ## - TITLE STATEMENT
Title UNDERSTANDING MALE INFERTILITY GLOBAL PRACTICES AND INDIAN PERSPECTIVE
250 ## - EDITION STATEMENT
Edition statement 1ST
260 ## - PUBLICATION, DISTRIBUTION, ETC. (IMPRINT)
Place of publication, distribution, etc INDIA
Name of publisher, distributor, etc ELSEVIER
Year of Publication 2012
942 ## - ADDED ENTRY ELEMENTS (KOHA)
Source of classification or shelving scheme Dewey Decimal Classification
Koha item type Books
Holdings
Withdrawn status Lost status Source of classification or shelving scheme Damaged status Not for loan Collection code Home library Current library Shelving location Date acquired Vendor Name SGTU Total Checkouts Full call number Accession No. (Barcode) Date last seen Bill Date Koha item type
    Dewey Decimal Classification     MEDICAL SGT Medical Library SGT Medical Library Text Book 20/12/2017 ABC DELHI SGTU   618.2 U12M FM8950 20/12/2017 20/12/2017 Books